Estadísticas para Capitales del mundo aleatorias

Haz click aquí para intentar la prueba.

Estadísticas generales

  • Esta prueba ha sido intentada 56 veces
  • La puntuación promedio es 37 de 48

Estadísticas de respuestas

HintRespuesta% Correcto
MoldaviaChisinau
95%
MontenegroPodgorica
95%
LetoniaRiga
95%
Macedonia del NorteSkopie
95%
LituaniaVilna
95%
ArmeniaEreván
92%
EstoniaTallin
92%
LiechtensteinVaduz
92%
KirguistanBiskek
89%
YemenSaná
89%
TurkmenistanAsjabad
86%
UzbekistanTaskent
86%
EritreaAsmara
84%
AzerbaiyánBakú
84%
TogoLomé
84%
SomaliaMogadiscio
84%
KazajistanNursultán
84%
GuineaConakri
81%
ZambiaLusaka
81%
LaosVientián
78%
ChadYamena
78%
SamoaApia
76%
TayikistánDusambé
76%
TuvaluFunafuti
76%
SuazilandiaMbabane
76%
ComorasMoroni
76%
DominicaRoseau
76%
Costa de MarfilYamusukro
76%
BruneiBandar Seri Begawan
73%
BurundiGitega
73%
Estados Federados de MicronesiaPalikir
73%
Papua Nueva GuineaPort Moresby
73%
Guinea EcuatorialMalabo
70%
BaréinManama
70%
GranadaSaint George
70%
San Cristobal y NievesBasseterre
68%
Santa LucíaCastries
68%
TanzaniaDodoma
68%
MaliBamako
62%
Islas MarshallMajuro
62%
LesotoMaseru
62%
TongaNukualofa
62%
Islas SalomonHoniara
59%
VanuatuPort Vila
59%
NauruYaren
59%
KiribatiTarawa Sur
57%
PalaosNgerulmud
51%
San Vicente y Las GranadinasKingstown
46%

Distribución de puntuación

Porcentaje por número respondido

Porcentaje de gente con cada puntuación

Historial de tus puntuaciones

No has intentado esta prueba.